[Event "Russian Championship G11 1st league 2016"]
[Site "Loo"]
[Date "2016.04.28"]
[Round "9.4"]
[White "Lesnykh, Zhanna"]
[Black "Kalustova, Marina"]
[Result "1-0"]
[WhiteElo "1391"]
[BlackElo "1212"]
[PlyCount "111"]
[EventDate "2016.04.20"]

1. e4 c5 2. Nf3 Nc6 3. d4 cxd4 4. Nxd4 Qb6 5. Nb3 Nf6 6. Bd3 e6 7. Nc3 Bb4 8.
Bd2 O-O 9. O-O d5 10. exd5 exd5 11. a3 Bd6 12. h3 Ne5 13. Be3 Qc7 14. Nb5 Qe7
15. Nxd6 Qxd6 16. Bc5 Qc7 17. Bxf8 Kxf8 18. f4 Nc6 19. Qf3 a6 20. Rae1 b5 21.
g4 Qb6+ 22. Qf2 Qxf2+ 23. Rxf2 Bb7 24. Nc5 Bc8 25. c3 g6 26. f5 g5 27. Bc2 d4
28. Ne4 Nxe4 29. Bxe4 Bb7 30. Bxc6 Bxc6 31. cxd4 Re8 32. Rxe8+ Kxe8 33. Re2+
Kd7 34. Kf2 Kd6 35. Re5 Kd7 36. f6 Kd6 37. Rxg5 Ke6 38. Rg7 Be4 39. d5+ Kxf6
40. d6 Bc6 41. Rxh7 Ke6 42. Rh6+ Kd7 43. Ke3 Bd5 44. Kd4 Be6 45. Rxe6 fxe6 46.
Ke5 a5 47. g5 b4 48. g6 bxa3 49. bxa3 a4 50. g7 Kd8 51. g8=Q+ Kd7 52. Qxe6+ Kc6
53. d7+ Kc5 54. Qd5+ Kb6 55. d8=Q+ Ka6 56. Q8a5# 1-0

[Event "Russian Championship G11 1st league 2016"]
[Site "Loo"]
[Date "2016.04.28"]
[Round "9.5"]
[White "Li, Darina"]
[Black "Sosnina, Nadezhda"]
[Result "0-1"]
[WhiteElo "1223"]
[BlackElo "1555"]
[PlyCount "44"]
[EventDate "2016.04.20"]

1. e4 d5 2. exd5 Nf6 3. d4 Bg4 4. f3 Bf5 5. Bb5+ Nbd7 6. c4 e6 7. dxe6 Bxe6 8.
d5 Bf5 9. Ne2 Bc5 10. a3 a5 11. Qb3 O-O 12. Bxd7 Nxd7 13. Be3 Re8 14. Bxc5 Nxc5
15. Qd1 Nd3+ 16. Kf1 Qh4 17. g3 Bh3+ 18. Kg1 Qxc4 19. b4 axb4 20. axb4 Rxa1 21.
g4 Rxe2 22. Qxe2 Rxb1+ 0-1

[Event "Russian Championship G11 1st league 2016"]
[Site "Loo"]
[Date "2016.04.28"]
[Round "9.6"]
[White "Donchenko, Ekaterina"]
[Black "Mikhailina, Olga"]
[Result "1-0"]
[WhiteElo "1421"]
[BlackElo "1215"]
[PlyCount "57"]
[EventDate "2016.04.20"]

1. c4 c5 2. Nc3 Nc6 3. g3 g6 4. Bg2 Bg7 5. Nf3 Nh6 6. Rb1 O-O 7. a3 a5 8. Nb5
Nf5 9. O-O Nfd4 10. Nfxd4 Nxd4 11. Nxd4 Bxd4 12. Qa4 d6 13. b4 Bd7 14. Qc2 Bc6
15. bxc5 Bxc5 16. Qb2 Rb8 17. d4 Ba7 18. d5 Bd7 19. Bh6 f6 20. Bxf8 Qxf8 21.
Qc3 a4 22. Rb2 e5 23. dxe6 Bxe6 24. Rxb7 Rxb7 25. Bxb7 Qb8 26. Bd5 Bxd5 27.
cxd5 Kg7 28. Qb4 Qxb4 29. axb4 1-0

[Event "Russian Championship G11 1st league 2016"]
[Site "Loo"]
[Date "2016.04.28"]
[Round "9.7"]
[White "Zaytseva, Dariya"]
[Black "Korovina, Yana"]
[Result "0-1"]
[WhiteElo "1382"]
[BlackElo "1243"]
[PlyCount "140"]
[EventDate "2016.04.20"]

1. d4 Nf6 2. c4 e6 3. Nc3 Bb4 4. Bg5 h6 5. Bh4 g5 6. Bg3 b6 7. Nf3 Bb7 8. e3
Ne4 9. Qc2 Bxc3+ 10. bxc3 f5 11. Ne5 d6 12. Nf3 Nd7 13. Nd2 Qe7 14. Nxe4 Bxe4
15. Qd2 Bb7 16. f3 O-O-O 17. Bd3 h5 18. O-O h4 19. Bf2 g4 20. fxg4 fxg4 21. Be1
Rdf8 22. Rxf8+ Rxf8 23. e4 Qf6 24. Qe2 Qg5 25. Bd2 Qf6 26. Qe3 h3 27. Rf1 Qg7
28. Rxf8+ Qxf8 29. gxh3 gxh3 30. Qxh3 Qg8+ 31. Qg3 Qf7 32. h4 Nf6 33. Qg2 Qh5
34. Be1 Qd1 35. Qf1 Qg4+ 36. Kh1 Bxe4+ 37. Bxe4 Qxe4+ 38. Kg1 Qg4+ 39. Qg2 Qd1
40. Qg3 Ne4 41. Qe3 Qg4+ 42. Kf1 Qf5+ 43. Bf2 Nxf2 44. Qxf2 Qd3+ 45. Qe2 Qh3+
46. Kg1 Qg3+ 47. Qg2 Qe1+ 48. Qf1 Qg3+ 49. Qg2 Qe1+ 50. Kh2 Qxh4+ 51. Kg1 Qe1+
52. Kh2 Qxc3 53. Qg8+ Kb7 54. Qg2+ Ka6 55. Qc6 Qb2+ 56. Qg2 Qxg2+ 57. Kxg2 Ka5
58. Kf3 Kb4 59. Ke4 Kxc4 60. Ke3 Kc3 61. Ke4 Kb2 62. Kd3 Kxa2 63. Kc4 e5 64.
dxe5 dxe5 65. Kd5 b5 66. Kxe5 b4 67. Kd5 b3 68. Kc4 b2 69. Kd5 b1=Q 70. Ke6 Qd1
0-1

[Event "Russian Championship G11 1st league 2016"]
[Site "Loo"]
[Date "2016.04.28"]
[Round "9.9"]
[White "Shatkovskaia, Elizaveta"]
[Black "Kidlo, Anastasiia"]
[Result "1/2-1/2"]
[WhiteElo "1140"]
[BlackElo "1261"]
[PlyCount "80"]
[EventDate "2016.04.20"]

1. e4 c5 2. Nf3 d6 3. d4 cxd4 4. Nxd4 Nf6 5. Nc3 g6 6. Be3 Bg7 7. f3 O-O 8. Qd2
Nc6 9. g4 Nxd4 10. Bxd4 Be6 11. O-O-O Qa5 12. Kb1 Rfc8 13. a3 Rab8 14. h4 b5
15. Nxb5 Rxb5 16. Bxb5 Qxb5 17. g5 Nh5 18. Bxg7 Kxg7 19. Qd4+ Kg8 20. Qxa7 Rb8
21. b4 Rb7 22. Qa8+ Kg7 23. e5 Qc6 24. Qa5 Rb5 25. Qa7 Rxe5 26. Rhe1 Rxe1 27.
Rxe1 Kf8 28. Qb8+ Kg7 29. Qa7 Kf8 30. a4 Qc4 31. Qb8+ Kg7 32. Qb5 Qa2+ 33. Kc1
Qa1+ 34. Kd2 Qd4+ 35. Kc1 Qa1+ 36. Kd2 Qd4+ 37. Kc1 Qa1+ 38. Kd2 Qd4+ 39. Kc1
Qa1+ 40. Kd2 Qd4+ 1/2-1/2

[Event "Russian Championship G11 1st league 2016"]
[Site "Loo"]
[Date "2016.04.28"]
[Round "9.10"]
[White "Vidershpan, Viktoriia"]
[Black "Baranova, Elizaveta"]
[Result "0-1"]
[WhiteElo "1204"]
[BlackElo "1377"]
[PlyCount "112"]
[EventDate "2016.04.20"]

1. e4 c5 2. Nf3 d6 3. d4 Nf6 4. Nc3 cxd4 5. Qxd4 a6 6. Bg5 Nc6 7. Qd3 Ng4 8.
Be2 Qb6 9. O-O Qxb2 10. Nd5 Nce5 11. Nxe5 Nxe5 12. Qd2 Rb8 13. Rfb1 Qa3 14.
Nc7+ Kd7 15. Nxa6 Ra8 16. Bb5+ Kd8 17. Rb3 Nc4 18. Bxc4 Qa4 19. Bb5 Rxa6 20.
Bxa4 Rxa4 21. Qe3 Ra6 22. Ra3 Rc6 23. Ra8 f6 24. Bf4 e5 25. Bg3 Be7 26. a4 Ke8
27. Qd3 Kf7 28. Qb3+ Kg6 29. Re1 Rd8 30. h3 Rd7 31. Bh2 Rdc7 32. Re3 Rxc2 33.
Rg3+ Kh6 34. f3 Rc1+ 35. Kf2 R7c2+ 36. Qxc2 Rxc2+ 37. Ke3 f5 38. exf5 Bg5+ 39.
Rxg5 Kxg5 40. a5 Bxf5 41. g4 Rxh2 42. gxf5 Kxf5 43. Ra7 Rb2 44. Ra8 d5 45. Rf8+
Kg5 46. Rd8 d4+ 47. Ke4 Re2+ 48. Kd3 Re3+ 49. Kc4 Rxf3 50. Rd7 Rc3+ 51. Kb4 Rc1
52. Rxg7+ Kh6 53. Re7 d3 54. Rxe5 d2 55. Re6+ Kg5 56. h4+ Kf5 0-1

[Event "Russian Championship G11 1st league 2016"]
[Site "Loo"]
[Date "2016.04.28"]
[Round "9.11"]
[White "Afonaseva, Valeriya"]
[Black "Mutina, Ksenia"]
[Result "1/2-1/2"]
[WhiteElo "1375"]
[BlackElo "1302"]
[PlyCount "92"]
[EventDate "2016.04.20"]

1. d4 d5 2. Nf3 e6 3. e3 c5 4. b3 g6 5. Bb2 Bg7 6. Be2 cxd4 7. exd4 Nf6 8. Ba3
Nc6 9. O-O Ne7 10. Bb5+ Bd7 11. Bxd7+ Qxd7 12. Ne5 Qc7 13. Qd3 O-O 14. Nd2 Rfe8
15. Rac1 Nf5 16. c4 dxc4 17. Rxc4 Qd8 18. Ne4 Nd7 19. Nxd7 Qxd7 20. Bb2 Rad8
21. Rd1 e5 22. d5 b6 23. Qc3 Rc8 24. Rxc8 Rxc8 25. Qd3 Nd6 26. Rd2 Qc7 27. Nxd6
Qxd6 28. Rc2 Rxc2 29. Qxc2 Qxd5 30. Qc8+ Bf8 31. g3 Kg7 32. Qc7 Bd6 33. Qxa7
Qd2 34. Qxb6 Qd1+ 35. Kg2 Qd5+ 36. Kg1 Bc5 37. Qa6 f6 38. Qc4 Qd6 39. a4 e4 40.
Qxe4 Qd2 41. Bxf6+ Kxf6 42. Qc6+ Bd6 43. Qf3+ Kg7 44. Qb7+ Kh6 45. Qb6 Qd1+ 46.
Kg2 Qd5+ 1/2-1/2

[Event "Russian Championship G11 1st league 2016"]
[Site "Loo"]
[Date "2016.04.28"]
[Round "9.13"]
[White "Abdrashitova, Kamila"]
[Black "Rakina, Yuliya"]
[Result "1-0"]
[WhiteElo "1341"]
[BlackElo "1226"]
[PlyCount "107"]
[EventDate "2016.04.20"]

1. e4 c6 2. d4 d5 3. exd5 cxd5 4. c4 Nf6 5. Nc3 Nc6 6. Nf3 Bg4 7. cxd5 Nxd5 8.
Qb3 Nxc3 9. bxc3 Qc7 10. Bb5 a6 11. Bxc6+ bxc6 12. Ne5 Be6 13. Qc2 Bd5 14. O-O
e6 15. c4 f6 16. cxd5 fxe5 17. dxe6 exd4 18. Qe4 Bc5 19. Bf4 Bd6 20. Bxd6 Qxd6
21. Qf5 Qe7 22. Rfd1 c5 23. Rac1 Rc8 24. Rxd4 Rf8 25. Qe5 Rf6 26. Rd6 a5 27.
Rxc5 Rxc5 28. Qxc5 Rxe6 29. Rxe6 Qxe6 30. Qxa5 Qe2 31. h3 Qd1+ 32. Kh2 Qd6+ 33.
g3 Qf6 34. Qc5 Qb2 35. a4 Qf6 36. a5 Kd8 37. Qb6+ Qxb6 38. axb6 Kd7 39. g4 Kc6
40. Kg3 Kxb6 41. Kf4 Kc6 42. Kf5 Kd6 43. h4 Kd5 44. h5 Kd6 45. g5 Ke7 46. Ke5
Kf7 47. f4 g6 48. hxg6+ hxg6 49. Kd6 Kf8 50. Ke6 Kg7 51. Ke7 Kg8 52. Kf6 Kh7
53. Kf7 Kh8 54. Kxg6 1-0

[Event "Russian Championship G11 1st league 2016"]
[Site "Loo"]
[Date "2016.04.28"]
[Round "9.14"]
[White "Elnikova, Milena"]
[Black "Stakina, Melissa"]
[Result "0-1"]
[WhiteElo "1203"]
[BlackElo "1332"]
[PlyCount "80"]
[EventDate "2016.04.20"]

1. e4 e5 2. Nf3 Nc6 3. d4 exd4 4. c3 Nf6 5. e5 Nd5 6. cxd4 Bb4+ 7. Bd2 Bxd2+ 8.
Qxd2 O-O 9. Be2 d6 10. O-O Bf5 11. Na3 Ndb4 12. Nc4 dxe5 13. dxe5 Qxd2 14.
Nfxd2 Nd4 15. Bf3 Nxf3+ 16. Nxf3 Bd3 17. Rfc1 Nc2 18. Rab1 Bxc4 19. Rxc2 Bd3
20. Rbc1 Bxc2 21. Rxc2 Rad8 22. g4 Rd3 23. Kg2 f5 24. g5 c6 25. Re2 Re8 26. h4
Rd5 27. h5 g6 28. h6 Kf7 29. Kg3 Ra5 30. b4 Ra4 31. Rb2 Ra3 32. Kf4 Rc3 33. Nd4
Rc4 34. Rd2 Rxb4 35. a3 Ra4 36. Rb2 Rxd4+ 37. Ke3 Re4+ 38. Kd3 R8xe5 39. Rxb7+
Re7 40. Rxe7+ Kxe7 0-1

[Event "Russian Championship G11 2016"]
[Site "Loo"]
[Date "2016.04.28"]
[Round "9.1"]
[White "Zvereva, Margarita"]
[Black "Nikolaeva, Nadezhda"]
[Result "1-0"]
[WhiteElo "1768"]
[BlackElo "1237"]
[PlyCount "61"]
[EventDate "2016.04.20"]

1. e4 c5 2. Nf3 d6 3. d4 cxd4 4. Nxd4 Nf6 5. Nc3 Nc6 6. Bg5 e6 7. Qd2 Be7 8.
O-O-O O-O 9. f4 h6 10. h4 a6 11. Nxc6 bxc6 12. Bd3 Rb8 13. e5 Nd5 14. Nxd5 cxd5
15. Bxe7 Qxe7 16. g4 dxe5 17. fxe5 Qb4 18. c3 Qb7 19. g5 hxg5 20. hxg5 Re8 21.
g6 Kf8 22. gxf7 Kxf7 23. Rdf1+ Ke7 24. Qg5+ Kd7 25. Rf7+ Kc6 26. Rxb7 Bxb7 27.
Qxg7 Bc8 28. Bg6 Rd8 29. Qe7 Bd7 30. Qd6+ Kb7 31. Rh7 1-0

[Event "Russian Championship G11 2016"]
[Site "Loo"]
[Date "2016.04.28"]
[Round "9.2"]
[White "Kuznetsova, Marina"]
[Black "Alekseenko, Mariya"]
[Result "1/2-1/2"]
[WhiteElo "1312"]
[BlackElo "1604"]
[PlyCount "167"]
[EventDate "2016.04.20"]

1. e4 c5 2. Nf3 e6 3. Qe2 Qc7 4. g3 a6 5. a4 b6 6. Bg2 Bb7 7. d3 Nc6 8. O-O g6
9. Nc3 Bg7 10. Bf4 d6 11. Rfe1 Nd4 12. Qd2 Rc8 13. Rab1 h6 14. Be3 Ne7 15. Ne2
Nec6 16. c3 Nxf3+ 17. Bxf3 Ne5 18. Bg2 Ng4 19. f3 Nxe3 20. Qxe3 O-O 21. f4 f5
22. exf5 exf5 23. Qe6+ Kh7 24. Bxb7 Qxb7 25. Qe3 Rfe8 26. Qf2 Re7 27. Qg2 Qxg2+
28. Kxg2 Rce8 29. Kf2 Bf6 30. Ng1 Kg7 31. Nf3 Kf7 32. Rxe7+ Rxe7 33. Re1 b5 34.
axb5 Rxe1 35. Kxe1 axb5 36. Kd2 Ke6 37. Ne1 g5 38. Nc2 g4 39. Na3 b4 40. Nc2
bxc3+ 41. bxc3 d5 42. c4 Bg7 43. Ne3 dxc4 44. dxc4 Bf6 45. Nc2 Bb2 46. Kd3 Bc1
47. Kc3 Kd6 48. Kd3 Kc6 49. Ke2 Kd6 50. Kd3 Bb2 51. Ne3 Ke6 52. Nd5 Bd4 53. Ne3
h5 54. Ke2 Bf6 55. Nc2 h4 56. gxh4 Bxh4 57. Ne3 Bf6 58. Nc2 Bb2 59. Kf2 Bc1 60.
Ne3 Ba3 61. Kg3 Bb4 62. h3 Bd2 63. Nf1 Be1+ 64. Kg2 gxh3+ 65. Kxh3 Kf6 66. Ne3
Kg6 67. Nd5 Bd2 68. Kg3 Kf7 69. Kf3 Ba5 70. Ke3 Ke6 71. Kd3 Be1 72. Ke2 Bg3 73.
Kf3 Bh4 74. Ke3 Bd8 75. Ke2 Kd6 76. Kd3 Ke6 77. Kc3 Bh4 78. Kb3 Be1 79. Ka4 Bf2
80. Kb5 Kd6 81. Kb6 Bd4 82. Kb7 Kd7 83. Kb6 Kd6 84. Kb7 1/2-1/2

[Event "Russian Championship G11 2016"]
[Site "Loo"]
[Date "2016.04.28"]
[Round "9.3"]
[White "Mikheeva, Galina"]
[Black "Krupnova, Anna"]
[Result "1/2-1/2"]
[WhiteElo "1533"]
[BlackElo "1591"]
[PlyCount "129"]
[EventDate "2016.04.20"]

1. d4 Nf6 2. c4 g6 3. Nc3 d5 4. Bf4 c6 5. Qa4 dxc4 6. Bxb8 Rxb8 7. Qxc4 Be6 8.
Qa4 Qb6 9. b3 Bg7 10. e3 O-O 11. Bc4 Bxc4 12. Qxc4 c5 13. Qxc5 Qxc5 14. dxc5
Ne4 15. Nxe4 Bxa1 16. Nf3 Rbc8 17. O-O Bb2 18. Rb1 Rfd8 19. g4 Bg7 20. b4 b6
21. a3 Rd3 22. cxb6 axb6 23. a4 Ra3 24. a5 bxa5 25. bxa5 Rxa5 26. h3 Ra4 27.
Ng3 Bf6 28. Kg2 Ra5 29. Ne1 Rac5 30. Nd3 Rc2 31. Ne1 Rc1 32. Rxc1 Rxc1 33. Nf3
Kg7 34. Nd2 Be5 35. Nf3 Bxg3 36. Kxg3 e6 37. Kf4 Rc2 38. Kg3 Kf6 39. Nd4 Rb2
40. Nf3 Ke7 41. Ne5 f5 42. Nf3 Kf6 43. Nh2 e5 44. Nf3 Rb4 45. Nh4 Kg5 46. Nf3+
Kf6 47. Nh4 f4+ 48. exf4 exf4+ 49. Kg2 Ke5 50. Nf3+ Kf6 51. Nh4 h5 52. gxh5 Kg5
53. Nxg6 Kxh5 54. Ne5 Kh4 55. Nf3+ Kh5 56. Nd2 Kh4 57. Kf3 Kxh3 58. Ne4 Kh4 59.
Kxf4 Rb8 60. f3 Rf8+ 61. Ke3 Re8 62. Kd4 Rf8 63. Ke3 Re8 64. Kd4 Rf8 65. Ke3
1/2-1/2

[Event "Russian Championship G11 2016"]
[Site "Loo"]
[Date "2016.04.28"]
[Round "9.4"]
[White "Palchun, Polina"]
[Black "Cherepanova, Evita"]
[Result "1/2-1/2"]
[WhiteElo "1431"]
[BlackElo "1689"]
[PlyCount "112"]
[EventDate "2016.04.20"]

1. d4 d5 2. c4 c6 3. cxd5 cxd5 4. Nc3 Nf6 5. Bf4 Nc6 6. e3 e6 7. a3 Be7 8. Bd3
O-O 9. Nf3 Bd7 10. O-O a6 11. Rc1 Nh5 12. Ne2 Nxf4 13. Nxf4 Rc8 14. b4 Na7 15.
Qd2 Nb5 16. Rxc8 Bxc8 17. Bxb5 axb5 18. Qd3 Bd7 19. Ne2 Qa8 20. Ne5 Bc6 21. Rc1
Rc8 22. Rc3 Be8 23. Qc2 Rxc3 24. Qxc3 f6 25. Nd3 Qa4 26. Nb2 Qa6 27. Nf4 Kf7
28. g3 Qc6 29. Qb3 Qc1+ 30. Kg2 Qb1 31. Nfd3 Bc6 32. Qc3 e5 33. f3 exd4 34.
exd4 h5 35. Qd2 Qa2 36. Qc3 Qa1 37. Qb3 g5 38. Kf2 Qh1 39. h4 Qh2+ 40. Ke3 Qxg3
41. hxg5 Qxg5+ 42. Ke2 Bf8 43. Nf2 Bh6 44. Qd3 Qg6 45. Qc3 h4 46. Kf1 Qg5 47.
Nbd3 Qd2 48. Qc5 h3 49. Qd6 Kg7 50. Qc7+ Kg6 51. Qg3+ Qg5 52. Qxh3 Kg7 53. Qh2
Qg6 54. Qc7+ Qf7 55. Qg3+ Kh7 56. Qh3 Bd7 1/2-1/2

[Event "Russian Championship G11 2016"]
[Site "Loo"]
[Date "2016.04.28"]
[Round "9.5"]
[White "Platuschikhina, Darya"]
[Black "Surovtseva, Alisa"]
[Result "1-0"]
[WhiteElo "1412"]
[BlackElo "1511"]
[PlyCount "87"]
[EventDate "2016.04.20"]

1. e4 e5 2. Nf3 Nc6 3. Bc4 Nf6 4. d4 exd4 5. Ng5 d5 6. exd5 Qe7+ 7. Kf1 Ne5 8.
Qxd4 Nxc4 9. Qxc4 h6 10. Nf3 Bg4 11. Qb5+ Qd7 12. Qxd7+ Bxd7 13. Nc3 Bb4 14.
Bd2 O-O-O 15. a3 Bxc3 16. Bxc3 Bb5+ 17. Kg1 Rxd5 18. h4 Rhd8 19. Bxf6 gxf6 20.
Rh3 Rd1+ 21. Rxd1 Rxd1+ 22. Kh2 Rf1 23. Nd4 Bd7 24. Rf3 Rd1 25. Nf5 h5 26. Ng7
Rd4 27. g3 Rd1 28. Rxf6 Bc6 29. f3 Rd2+ 30. Kh3 Rf2 31. Nxh5 Bxf3 32. g4 Bg2+
33. Kg3 Rxc2 34. Rxf7 Bc6 35. Nf6 b6 36. h5 Rg2+ 37. Kh3 Rg1 38. Kh4 Bf3 39. h6
Rh1+ 40. Kg5 Kb7 41. h7 Bd1 42. Rf8 a5 43. h8=Q Rxh8 44. Rxh8 1-0

[Event "Russian Championship G11 2016"]
[Site "Loo"]
[Date "2016.04.28"]
[Round "9.6"]
[White "Shubenkova, Veronika"]
[Black "Zavivaeva, Emilia"]
[Result "0-1"]
[WhiteElo "1347"]
[BlackElo "1497"]
[PlyCount "80"]
[EventDate "2016.04.20"]

1. d4 Nf6 2. e3 e6 3. Bd3 Be7 4. c3 d6 5. f4 Nbd7 6. Nf3 d5 7. O-O c5 8. Ne5 c4
9. Bc2 Qc7 10. Nd2 Nb6 11. Ndf3 Bd7 12. Nxd7 Nbxd7 13. Ne5 Rf8 14. Ba4 O-O-O
15. Nxd7 Nxd7 16. Bxd7+ Qxd7 17. Qe2 f5 18. b3 Qc6 19. b4 Rf6 20. a4 a6 21. Qb2
Qe8 22. b5 a5 23. b6 Rd6 24. Qb5 Qxb5 25. axb5 Rxb6 26. Rxa5 Kc7 27. Bd2 Rf8
28. Rb1 h6 29. Bc1 Re8 30. Ba3 Bxa3 31. Rxa3 Rd6 32. Kf2 Kb6 33. g3 Rdd8 34.
Rba1 Kxb5 35. Ra5+ Kc6 36. Rc5+ Kd7 37. Ra7 Rb8 38. Rb5 Kc6 39. Rc5+ Kd6 40.
Rb5 Re7 0-1

[Event "Russian Championship G11 2016"]
[Site "Loo"]
[Date "2016.04.28"]
[Round "9.9"]
[White "Alimova, Dana"]
[Black "Poliato, Irina"]
[Result "0-1"]
[WhiteElo "1458"]
[BlackElo "1140"]
[PlyCount "114"]
[EventDate "2016.04.20"]

1. e4 c6 2. d4 d5 3. Nc3 dxe4 4. Nxe4 Bf5 5. Ng3 Bg6 6. Nf3 e6 7. h4 h6 8. h5
Bh7 9. Bd3 Bxd3 10. Qxd3 Nf6 11. Bd2 Nbd7 12. O-O-O Be7 13. Ne4 Nxe4 14. Qxe4
Nf6 15. Qe2 Qd5 16. c4 Qf5 17. Ne5 Bd6 18. g4 Qe4 19. Qxe4 Nxe4 20. Be3 Nf6 21.
f3 Rc8 22. b3 Bc7 23. Bf4 Bb6 24. Kb2 Bc7 25. Kc3 Nd7 26. Rd2 Nxe5 27. Bxe5
Bxe5 28. dxe5 Ke7 29. Rhd1 Rc7 30. Rd6 Rhc8 31. c5 Rf8 32. Re1 Rd7 33. Rxd7+
Kxd7 34. Re3 Ke7 35. Rd3 g6 36. Rd4 gxh5 37. gxh5 Rg8 38. Rh4 Rg5 39. Re4 Rxh5
40. b4 Rg5 41. a3 Rg3 42. Re3 h5 43. Kd3 h4 44. Ke2 f6 45. Kf2 f5 46. a4 a6 47.
f4 Rg4 48. Rf3 Kf7 49. Ke3 Kg6 50. Rh3 Kh5 51. Kf3 Rg1 52. Kf2 Rb1 53. Ke2 Rxb4
54. a5 Rb2+ 55. Kf3 Rb5 56. Kf2 Rxa5 57. Kf3 Ra3+ 0-1

[Event "Russian Championship G11 2016"]
[Site "Loo"]
[Date "2016.04.28"]
[Round "9.10"]
[White "Tsamalaidze, Liana"]
[Black "Shvedova, Alexandra"]
[Result "1-0"]
[WhiteElo "1362"]
[BlackElo "1410"]
[PlyCount "85"]
[EventDate "2016.04.20"]

1. e4 e5 2. Nf3 Nc6 3. Bb5 Nf6 4. Nc3 a6 5. Bxc6 dxc6 6. O-O Bd6 7. d4 Bg4 8.
dxe5 Bxf3 9. Qxf3 Bxe5 10. Rd1 Qe7 11. Bg5 h6 12. Bh4 g5 13. Bg3 h5 14. Bxe5
Qxe5 15. Rd3 h4 16. h3 Rg8 17. Qf5 Qxf5 18. exf5 g4 19. Kh2 Rg5 20. Re1+ Kf8
21. Re5 b6 22. Ne2 Re8 23. Rxe8+ Kxe8 24. Nd4 c5 25. Nc6 Kf8 26. Rd8+ Ne8 27.
f6 g3+ 28. fxg3 hxg3+ 29. Kg1 Rf5 30. Nb8 Rxf6 31. Nd7+ Ke7 32. Nxf6 Kxd8 33.
Nxe8 Kxe8 34. Kf1 b5 35. Ke2 c4 36. a3 a5 37. c3 c5 38. Kf3 a4 39. Kxg3 b4 40.
Kf4 f6 41. Ke4 bxa3 42. bxa3 f5+ 43. Kxf5 1-0

[Event "Russian Championship G11 2016"]
[Site "Loo"]
[Date "2016.04.28"]
[Round "9.12"]
[White "Smagulova, Zhanbota"]
[Black "Pakhomova, Tatyana"]
[Result "1-0"]
[WhiteElo "1289"]
[BlackElo "1508"]
[PlyCount "69"]
[EventDate "2016.04.20"]

1. e4 e5 2. Nf3 Nc6 3. Bc4 Bc5 4. c3 Nf6 5. d3 d6 6. h3 h6 7. O-O O-O 8. Re1
Re8 9. Bb3 d5 10. exd5 Nxd5 11. d4 Bb6 12. dxe5 Nde7 13. Qxd8 Rxd8 14. Be3 Ng6
15. Bxb6 axb6 16. Bc2 Ngxe5 17. Nxe5 Re8 18. Nf3 Rxe1+ 19. Nxe1 Be6 20. Nd2 Re8
21. Rd1 Bc8 22. Ne4 Bf5 23. Nf6+ gxf6 24. Bxf5 Re2 25. Nc2 Ne5 26. Kf1 Rxc2 27.
Bxc2 Nc4 28. Rd7 c6 29. Rxb7 b5 30. Rc7 Ne5 31. f4 Nc4 32. Ke2 Nxb2 33. Rxc6
Nc4 34. Rxc4 bxc4 35. a4 1-0

[Event "Russian Championship G11 2016"]
[Site "Loo"]
[Date "2016.04.28"]
[Round "9.13"]
[White "Melenchuk, Olga"]
[Black "Mikhalevich, Arina"]
[Result "1-0"]
[WhiteElo "1579"]
[BlackElo "1310"]
[PlyCount "79"]
[EventDate "2016.04.20"]

1. Nf3 f5 2. d4 Nf6 3. c4 g6 4. Nc3 Bg7 5. e3 O-O 6. Be2 d6 7. b4 Qe8 8. Bb2 e5
9. dxe5 dxe5 10. Nd5 Nxd5 11. Qxd5+ Qe6 12. Qxe6+ Bxe6 13. Bxe5 Nc6 14. Bxg7
Kxg7 15. a3 a5 16. b5 Ne7 17. O-O c5 18. Rfd1 Rad8 19. Kf1 Rd7 20. Rxd7 Bxd7
21. Rd1 Be6 22. Ne5 Nc8 23. Ke1 Kf6 24. Nd7+ Bxd7 25. Rxd7 Rf7 26. Rd8 Ne7 27.
Rb8 h5 28. Rxb7 Nc8 29. Rb8 Ne7 30. Ra8 h4 31. Rxa5 g5 32. a4 g4 33. b6 Nc6 34.
Rxc5 Ne7 35. b7 Rf8 36. a5 Re8 37. a6 Rf8 38. a7 Rd8 39. b8=Q Rxb8 40. axb8=Q
1-0

[Event "Russian Championship G11 2016"]
[Site "Loo"]
[Date "2016.04.28"]
[Round "9.14"]
[White "Kudryavtseva, Anastasia"]
[Black "Badmaeva, Elzjata"]
[Result "1/2-1/2"]
[WhiteElo "1243"]
[BlackElo "1477"]
[PlyCount "120"]
[EventDate "2016.04.20"]

1. d4 Nf6 2. Nf3 g6 3. Bf4 Bg7 4. e3 O-O 5. h3 d6 6. c4 Nc6 7. Nc3 Re8 8. Be2
h6 9. a3 Bd7 10. Rc1 e5 11. Bg3 a6 12. O-O exd4 13. exd4 Bf5 14. b4 Ne4 15. Bh2
h5 16. b5 axb5 17. Nxb5 Na5 18. Bd3 Nc6 19. c5 Bf8 20. Bxe4 Bxe4 21. cxd6 cxd6
22. d5 Ra5 23. dxc6 Rxb5 24. c7 Qc8 25. Nd4 Rd5 26. Qa4 b5 27. Nxb5 Rg5 28. Bg3
Qb7 29. Nxd6 Bxd6 30. Qxe8+ Kg7 31. Qh8+ Kxh8 32. c8=Q+ Qxc8 33. Rxc8+ Kg7 34.
h4 Rg4 35. Rc3 f5 36. f4 g5 37. hxg5 h4 38. Bxh4 Rxg2+ 39. Kh1 Rc2+ 40. Rcf3
Bxf4 41. Kg1 Bxf3 42. Rxf3 Rc1+ 43. Kf2 Rc4 44. Bg3 Bxg5 45. Rxf5 Rc2+ 46. Kf3
Rc3+ 47. Kg4 Bf6 48. Ra5 Rc4+ 49. Kf3 Kf7 50. Ra7+ Ke6 51. Ra6+ Kf5 52. Ra5+
Ke6 53. a4 Bd8 54. Ra6+ Kd7 55. Rd6+ Ke7 56. Ra6 Kd7 57. a5 Rc5 58. Ra7+ Kc6
59. Ra8 Bxa5 60. Rc8+ Kd5 1/2-1/2

[Event "Russian Championship G11 2016"]
[Site "Loo"]
[Date "2016.04.28"]
[Round "9.15"]
[White "Maikovets, Yana"]
[Black "Uzintseva, Daria"]
[Result "0-1"]
[WhiteElo "1099"]
[BlackElo "1320"]
[PlyCount "84"]
[EventDate "2016.04.20"]

1. d4 d5 2. c4 e6 3. Nf3 c6 4. Nc3 dxc4 5. e3 b5 6. a4 Bb4 7. axb5 Bxc3+ 8.
bxc3 cxb5 9. Qc2 Nf6 10. Ba3 Nd5 11. Be2 Ne7 12. Ne5 Nbc6 13. Bf3 Nxe5 14. Bxa8
Nd3+ 15. Ke2 Nd5 16. Rhd1 Bd7 17. Bxd5 exd5 18. Kf1 Qf6 19. Qe2 a6 20. f3 Qh6
21. Kg1 Qe6 22. e4 f5 23. e5 Kf7 24. Bd6 Bc8 25. Rd2 Re8 26. Kf1 Qh6 27. h3 Kg8
28. Kg1 Qf4 29. Rf1 a5 30. Rb1 Bd7 31. Ba3 a4 32. Kh1 Qg3 33. Kg1 Re6 34. Kh1
Rh6 35. Ra1 f4 36. Rda2 Bxh3 37. gxh3 Rxh3+ 38. Qh2 Rxh2+ 39. Rxh2 Qxf3+ 40.
Kg1 Qe3+ 41. Kh1 f3 42. Raa2 Qe1# 0-1

[Event "Russian Championship G11 2016"]
[Site "Loo"]
[Date "2016.04.28"]
[Round "9.18"]
[White "Kuznetsova, Yulia"]
[Black "Fedorova, Olesya"]
[Result "0-1"]
[WhiteElo "1295"]
[BlackElo "1352"]
[PlyCount "118"]
[EventDate "2016.04.20"]

1. e4 c5 2. Nf3 d6 3. d4 cxd4 4. Nxd4 Nf6 5. Nc3 a6 6. Be2 e6 7. Be3 Qc7 8. O-O
Be7 9. Qd2 Bd7 10. f4 Nc6 11. f5 e5 12. Nf3 b5 13. h3 b4 14. Nd5 Nxd5 15. exd5
Nd8 16. Nh2 Qb7 17. Rf3 Bb5 18. Bxb5+ Qxb5 19. Raf1 Rc8 20. Rg3 Bf6 21. Rg4 Rb8
22. Rf3 h6 23. Re4 a5 24. Ba7 Rc8 25. Rb3 Bg5 26. Qf2 Qxd5 27. Re2 Qd1+ 28. Nf1
Qd5 29. Qb6 Qc6 30. Qxa5 Ra8 31. Qb6 Qxb6+ 32. Bxb6 Nc6 33. Rd3 Be7 34. Re4
Rxa2 35. Rc4 Kd7 36. b3 Rb8 37. Bc5 Kc7 38. Ne3 Ra1+ 39. Kf2 dxc5 40. Nd5+ Kd7
41. Nf6+ Kc8 42. Ne8 Nd4 43. Nxg7 Bg5 44. Rxc5+ Kb7 45. Rxe5 Bf6 46. Rd5 Bxg7
47. Rd7+ Kc6 48. Rxf7 Bh8 49. Rh7 Nxf5 50. Rdd7 Bd4+ 51. Kf3 Bb6 52. Rhf7 Nd4+
53. Ke4 Re8+ 54. Kd3 Rd1+ 55. Kc4 Rc1 56. Rh7 Rxc2+ 57. Kd3 Rc3+ 58. Kd2 Nxb3+
59. Kd1 Rc1# 0-1

[Event "Russian Championship G11 2016"]
[Site "Loo"]
[Date "2016.04.28"]
[Round "9.20"]
[White "Vlasova, Olesia"]
[Black "Lubarskaya, Regina"]
[Result "1-0"]
[WhiteElo "1155"]
[BlackElo "1391"]
[PlyCount "101"]
[EventDate "2016.04.20"]

1. e4 e5 2. Nf3 Nc6 3. Bb5 d6 4. d4 Bd7 5. Nc3 a6 6. Bxc6 Bxc6 7. dxe5 dxe5 8.
Qxd8+ Rxd8 9. Nxe5 Bd7 10. O-O Be6 11. Bf4 Bd6 12. Nd3 Bxf4 13. Nxf4 Ne7 14.
Nxe6 fxe6 15. Rad1 O-O 16. Rxd8 Rxd8 17. Rd1 Rxd1+ 18. Nxd1 Nc6 19. c3 Kf7 20.
f4 e5 21. g3 Ke6 22. Ne3 b5 23. Kf2 b4 24. Nd5 bxc3 25. bxc3 Kd6 26. Nb4 Nxb4
27. cxb4 exf4 28. gxf4 c5 29. e5+ Kd5 30. bxc5 Kxc5 31. Ke3 Kd5 32. h4 g6 33.
Kd3 h6 34. Kc3 Kc5 35. Kb3 Kb5 36. a4+ Kc5 37. Kc3 a5 38. Kd3 Kd5 39. Ke3 Kc5
40. Ke4 Kc6 41. f5 g5 42. hxg5 hxg5 43. f6 Kd7 44. Kf5 g4 45. Kxg4 Ke6 46. Kg5
Kf7 47. Kf5 Kg8 48. Kg6 Kh8 49. e6 Kg8 50. e7 Kh8 51. e8=Q# 1-0